| 000 | 00564nam a2200181 i 4500 | ||
|---|---|---|---|
| 001 | bg | ||
| 100 | 1 | _aJANIAK, Mieczysław | |
| 245 | 0 |
_aUrządzenia mechaniczne w inżynierii środowiska. _nT. 1, _pPodstawy projektowania / _cMieczysław Janiak ; Politechnika Poznańska. |
|
| 260 |
_aPoznań : _bWydaw. PP, _c1993. |
||
| 300 |
_a369 s. : _brys. ; _c24 cm. |
||
| 504 | _aBibliogr. s. 368-369. | ||
| 710 | _aPOLITECHNIKA POZNAŃSKA (Poznań) | ||
| 040 | _cBPK | ||
| 041 | _apol | ||
| 080 | _a621(075.8) | ||
| 942 | _cKS | ||
| 008 | s pl f |000 0 pol | ||
| 999 |
_c6375 _d6375 |
||
| 856 |
_uhttp://koha.tu.koszalin.pl/cgi-bin/koha/opac-detail.pl?biblionumber=6375 _yKatalog online BPK |
||